00855nam a22002057a 450000500170000001000190001702000520003603500180008803700130010608200130011910000240013224501580015624600450031425000110035926000310037027000800040130000850048150000400056650500430060620170515164237.0 aENG-118154-157 c7500.00 (Set of 4 Vols)a9789350358863 (4 vols) aEN-101686-689 bDBAD/PUB a349.5403 aAiyar, P. Ramanatha00aAdvanced law lexicon :cby P Ramanatha Aiyar ; Shakil Ahmad Khanbthe encyclopaedic law dictionray with words and phrases, legal maxims and latin terms / aP Ramanatha Aiyar's Advanced law lexicon a5th ed aGurgaonbLexis Nexisc2017 a14th Floor, Bldg. No.10, Tower-B, DLF Cyber City, Phase-IIbGurgaone122002 a4 vols (xcv,1288p.; xcv,1289-2734p.; xcv,2735-4259p.; xcv,4260-5571p.)c24cm(Hb) aIncludes bibliographical references av.1--A-C. v.2--D-I. v.3--J-P. v.4--Q-Z